[Event "SR 3. liga A2 2005/2006"]
[Site "?"]
[Date "2006.??.??"]
[Round "?"]
[White "Both, Lajos"]
[Black "Pericka, Tomas"]
[Result "1/2-1/2"]
[WhiteElo "1990"]
[BlackElo "1945"]
[Annotator " 47.3"]
[PlyCount "112"]
[EventDate "2005.??.??"]

1. e4 c5 2. Nf3 Nc6 3. d4 cxd4 4. Nxd4 g6 5. Be3 Bg7 6. Nc3 Nf6 7. Bc4 Qa5 8.
O-O O-O 9. Bb3 d6 10. Nxc6 bxc6 11. f3 Rd8 12. Rb1 d5 13. exd5 cxd5 14. Bd4 Ba6
15. Re1 e6 16. Na4 Rdc8 17. c3 Bb5 18. Nc5 Rc7 19. Nd3 Bc4 20. Ne5 Bxb3 21.
axb3 Nd7 22. Nxd7 Bxd4+ 23. Qxd4 Rxd7 24. Ra1 Qb5 25. Ra3 a5 26. Kf2 Rb8 27. h4
Qb6 28. Qxb6 Rxb6 29. Rxa5 Rxb3 30. Re2 Rdb7 31. Ra2 Kf8 32. Ke1 Ke7 33. Kd1
Kd6 $11 34. Kc1 Kc5 35. Ra5+ Kc4 36. Rd2 R7b5 37. Rd4+ Kc5 38. Rxb5+ Rxb5 39.
b4+ Kd6 40. Kb2 e5 41. Rd1 f5 42. Kb3 Ke6 43. c4 dxc4+ 44. Kxc4 Rb8 45. b5 e4
46. f4 Rc8+ 47. Kb4 Rc2 48. g3 Rb2+ 49. Kc4 e3 $11 50. Re1 e2 51. Kc5 Rc2+ 52.
Kd4 Rb2 53. Kc3 Rxb5 54. Rxe2+ Kf6 55. Kc4 Ra5 56. Re3 h5 1/2-1/2

[Event "SR 3. liga A2 2005/2006"]
[Site "?"]
[Date "2006.??.??"]
[Round "?"]
[White "Blazkova, Barbora"]
[Black "Szitasi, Janos"]
[Result "1/2-1/2"]
[WhiteElo "1965"]
[BlackElo "2020"]
[Annotator " 47.4"]
[PlyCount "59"]
[EventDate "2005.??.??"]

1. d4 d5 2. c4 e6 3. Nc3 Nf6 4. Nf3 Be7 5. Bg5 O-O 6. e3 Nbd7 7. Qc2 h6 8. Bh4
c6 9. Bd3 dxc4 10. Bxc4 b5 11. Bd3 Bb7 12. O-O a6 13. a3 c5 14. Qe2 c4 15. Bc2
Nd5 16. Nxd5 exd5 17. Bxe7 Qxe7 18. Rfe1 Rfe8 19. Nd2 Nf6 20. f3 Qd6 21. Qf2
Rad8 22. Rad1 Qb6 23. e4 dxe4 24. Nxe4 Nd5 25. Nc5 Bc6 26. Rxe8+ Rxe8 27. Re1
Nf6 28. Rxe8+ Bxe8 29. Qe3 Kf8 30. Qe5 1/2-1/2

[Event "SR 3. liga A2 2005/2006"]
[Site "?"]
[Date "2006.??.??"]
[Round "?"]
[White "Liska, Frantisek"]
[Black "Wurschner, Miroslav"]
[Result "0-1"]
[WhiteElo "2000"]
[BlackElo "1785"]
[Annotator " 47.5"]
[PlyCount "98"]
[EventDate "2005.??.??"]

1. d4 Nf6 2. Nf3 g6 3. Bf4 Bg7 4. e3 O-O 5. Bd3 d6 6. h3 Nc6 7. c3 Re8 8. Bc2
Bd7 9. Bg5 Qc8 10. Nbd2 e5 11. Bxf6 Bxf6 12. d5 Ne7 13. c4 Bg7 14. e4 f5 15.
Ba4 Rf8 16. Bxd7 Qxd7 17. Ng5 fxe4 18. Ne6 Rfe8 19. Nxe4 Nf5 20. O-O Nd4 21.
N4g5 Bh6 22. Nxd4 Bxg5 23. Ne6 Bf4 24. Qg4 Qf7 25. Rad1 h5 26. Qe2 Rxe6 27.
dxe6 Qxe6 28. Qe4 Rb8 29. Qd5 Kf7 30. Qxe6+ Kxe6 31. g3 Bg5 32. Rfe1 b5 33. f4
Bf6 34. cxb5 Rxb5 35. b3 Rb4 36. fxe5 Bxe5 37. Kf2 a5 38. Kf3 a4 39. Re4 Rxe4
40. Kxe4 axb3 41. axb3 Bxg3 42. b4 c6 43. Rg1 h4 44. Rc1 d5+ 45. Kd3 Kd6 46.
Rf1 g5 47. Rf6+ Kc7 48. Kd4 Kb6 49. Kc3 Be5+ 0-1

[Event "SR 3. liga A2 2005/2006"]
[Site "?"]
[Date "2006.??.??"]
[Round "?"]
[White "Skapik, Branislav"]
[Black "Arpa, Zoltan"]
[Result "0-1"]
[WhiteElo "1795"]
[BlackElo "1850"]
[Annotator " 47.6"]
[PlyCount "72"]
[EventDate "2005.??.??"]

1. e4 e6 2. d4 d5 3. e5 c5 4. c3 Nc6 5. Nf3 Qb6 6. b3 cxd4 7. cxd4 Bb4+ 8. Ke2
Bd7 9. a3 Bf8 10. Nc3 Na5 11. b4 Nc4 12. Ke1 Rc8 13. Na4 Qb5 14. Nc5 b6 15.
Nxd7 Qxd7 16. Nd2 b5 17. Nb3 Ne7 18. Nc5 Qc6 19. a4 a6 20. axb5 axb5 21. Bxc4
dxc4 22. Qf3 Qxf3 23. gxf3 Nc6 24. Be3 Bxc5 25. bxc5 O-O 26. Kd2 Rfd8 27. Kc3
Ra8 28. Rhb1 Rxa1 29. Rxa1 Rb8 30. Ra6 Ne7 31. Kc2 Nd5 32. Bd2 b4 33. c6 c3 34.
Bc1 b3+ 35. Kb1 b2 36. Bg5 c2+ 0-1

[Event "SR 3. liga A2 2005/2006"]
[Site "?"]
[Date "2006.??.??"]
[Round "?"]
[White "Bernath, Mikulas"]
[Black "Hanzluvka, Milan"]
[Result "1-0"]
[WhiteElo "1905"]
[BlackElo "1740"]
[Annotator " 47.7"]
[PlyCount "67"]
[EventDate "2005.??.??"]

1. d4 d5 2. e3 Nf6 3. c4 e6 4. Nc3 c6 5. cxd5 exd5 6. Bd3 Bd6 7. Nge2 O-O 8.
O-O Qc7 9. h3 Re8 10. a3 a5 11. f3 b6 12. e4 Be7 13. e5 Nfd7 14. Qc2 h6 15.
Nxd5 Qd8 16. Nxe7+ Qxe7 17. f4 Bb7 18. Be4 Nf6 19. Bf3 Nd5 20. Bxd5 cxd5 21.
Ng3 Nc6 22. Be3 Nb8 23. Nf5 Qd7 24. Nd6 Re7 25. Rac1 Na6 26. Qb3 Qd8 27. Rc3 f6
28. Nxb7 Rxb7 29. exf6 gxf6 30. Rfc1 Kg7 31. Bf2 Qd6 32. Rg3+ Kf7 33. Qf3 Rc7
34. Qh5+ 1-0

[Event "SR 3. liga A2 2005/2006"]
[Site "?"]
[Date "2006.??.??"]
[Round "?"]
[White "Pericka, Pavol"]
[Black "Ollos, Ladislav"]
[Result "1/2-1/2"]
[WhiteElo "1690"]
[BlackElo "1650"]
[Annotator " 47.8"]
[PlyCount "59"]
[EventDate "2005.??.??"]

1. e4 e6 2. d4 d5 3. e5 c5 4. c3 Nc6 5. Nf3 Qb6 6. Bd3 Bd7 7. Bc2 cxd4 8. cxd4
Nb4 9. Bb3 Bb5 10. Ba4 Rc8 11. Nc3 Bxa4 12. Qxa4+ Qc6 13. Qxc6+ Rxc6 14. O-O
Ne7 15. Rd1 Ng6 16. a3 Nc2 17. Rb1 Nxa3 18. bxa3 Rxc3 19. Rxb7 Bxa3 20. Rb8+
Kd7 21. Rxh8 Nxh8 22. Bxa3 Rxa3 23. Ne1 f6 24. f4 Ng6 25. Nd3 a5 26. Nc5+ Ke7
27. g3 Nf8 28. Rb1 a4 29. Rb7+ Ke8 30. Rb8+ 1/2-1/2

[Event "SR 3. liga A2 2005/2006"]
[Site "?"]
[Date "2006.??.??"]
[Round "?"]
[White "Kovacocy, Pavel"]
[Black "Sulek, Viliam"]
[Result "1/2-1/2"]
[WhiteElo "2265"]
[BlackElo "2165"]
[Annotator " 49.1"]
[PlyCount "70"]
[EventDate "2005.??.??"]

1. e4 c5 2. Nf3 Nc6 3. d4 cxd4 4. Nxd4 Nf6 5. Nc3 d6 6. f3 e5 7. Nb3 Be6 8. Nd5
Bxd5 9. exd5 Nb8 10. Be2 Be7 11. Be3 O-O 12. c4 Nbd7 13. O-O Nh5 14. Qd2 a5 15.
Rab1 a4 16. Nc1 f5 17. b4 b6 18. a3 f4 19. Bf2 Bh4 20. Bd3 Bxf2+ 21. Qxf2 Qg5
22. Ne2 Rf6 23. Nc3 Rh6 24. Ne4 Qe7 25. Rfc1 Rc8 26. c5 bxc5 27. bxc5 Nxc5 28.
Nxc5 dxc5 29. Bc4 Kh8 30. Ba2 Nf6 31. Rb5 Nd7 32. Qc2 Qh4 33. h3 Qg3 34. Qf5
Rg6 35. Rb2 Rd6 1/2-1/2

[Event "SR 3. liga A2 2005/2006"]
[Site "?"]
[Date "2006.??.??"]
[Round "?"]
[White "Puobis, Jozef"]
[Black "Sarmir, Milos"]
[Result "1/2-1/2"]
[WhiteElo "2040"]
[BlackElo "2150"]
[Annotator " 49.2"]
[PlyCount "25"]
[EventDate "2005.??.??"]

1. e4 c6 2. Nf3 d6 3. d4 Nf6 4. Nc3 Bg4 5. Be2 Qc7 6. O-O Nbd7 7. Bf4 Bxf3 8.
Bxf3 e5 9. Be3 Be7 10. d5 c5 11. b3 a6 12. a4 O-O 13. Qd3 1/2-1/2

[Event "SR 3. liga A2 2005/2006"]
[Site "?"]
[Date "2006.??.??"]
[Round "?"]
[White "Cechovic, Stefan"]
[Black "Kosar, Mikulas ml"]
[Result "1-0"]
[WhiteElo "2180"]
[BlackElo "1965"]
[Annotator " 49.3"]
[PlyCount "95"]
[EventDate "2005.??.??"]

1. e4 e5 2. Nf3 Nf6 3. Nxe5 d6 4. Nf3 Nxe4 5. d4 d5 6. Bd3 Bg4 7. O-O Be7 8.
Re1 f5 9. c4 Nc6 10. cxd5 Qxd5 11. Nc3 Nxc3 12. bxc3 O-O 13. Qa4 Kh8 14. Ne5
Nxe5 15. Rxe5 Qd6 16. h3 Bh5 17. Rxf5 Rxf5 18. Bxf5 Be8 19. Qc2 Qf6 20. Be3 Rd8
21. Re1 Bf7 22. Bf4 Bd6 23. Be5 Re8 24. Bxh7 Bxe5 25. dxe5 Rxe5 26. Rxe5 Qxe5
27. Bd3 Qe1+ 28. Kh2 Qe5+ 29. Kg1 Qe1+ 30. Kh2 Qe5+ 31. g3 Qe1 32. Be4 c6 33.
Bg2 Qe6 34. a3 Bg6 35. Qd2 Kh7 36. Qd4 b6 37. Qh4+ Kg8 38. Qd8+ Kh7 39. Qh4+
Kg8 40. Qd4 Kh7 41. Bf3 Kg8 42. Kg2 Kf8 43. Qf4+ Kg8 44. Qb8+ Kh7 45. Qxa7 c5
46. Qa4 c4 47. Qc6 Qe1 48. Qxc4 1-0

[Event "SR 3. liga A2 2005/2006"]
[Site "?"]
[Date "2006.??.??"]
[Round "?"]
[White "Kubica, Adrian"]
[Black "Vlkovic, Pavol"]
[Result "0-1"]
[WhiteElo "1945"]
[BlackElo "1885"]
[Annotator " 49.4"]
[PlyCount "40"]
[EventDate "2005.??.??"]

1. e4 e6 2. Nf3 d5 3. Nc3 Nf6 4. e5 Nfd7 5. d4 c5 6. Bb5 Nc6 7. Bf4 Qb6 8. Bxc6
bxc6 9. b3 cxd4 10. Nxd4 Bb4 11. Nde2 d4 12. Qd3 dxc3 13. a3 Ba6 14. Qg3 Bf8
15. Be3 Qb5 16. Nxc3 Qxe5 17. Qxe5 Nxe5 18. Bd4 Nd7 19. Rd1 e5 20. Be3 Nb6 0-1

[Event "SR 3. liga A2 2005/2006"]
[Site "?"]
[Date "2006.??.??"]
[Round "?"]
[White "Vagovsky, Jozef"]
[Black "Bott, Tamas"]
[Result "1-0"]
[WhiteElo "1835"]
[BlackElo "1930"]
[Annotator " 49.5"]
[PlyCount "59"]
[EventDate "2005.??.??"]

1. d4 Nf6 2. Nf3 d5 3. c4 e6 4. Nc3 b6 5. a3 Bb7 6. Bg5 Be7 7. cxd5 Nxd5 8.
Nxd5 Bxd5 9. Bxe7 Qxe7 10. e3 O-O 11. Bd3 f5 12. Rc1 c5 13. dxc5 bxc5 14. Qe2
Nd7 15. e4 fxe4 16. Bxe4 Bxe4 17. Qxe4 Rab8 18. Rc2 Qf6 19. Qe2 Rb7 20. O-O
Rfb8 21. Rd1 Rd8 22. Rcd2 Kf7 23. Qa6 Rc7 24. Qd6 Rb7 25. Qc6 Rxb2 26. Rxd7+
Rxd7 27. Rxd7+ Kg6 28. Qe4+ Kh6 29. Qe3+ g5 30. Qd3 {cierny prekrocil cas} 1-0

[Event "SR 3. liga A2 2005/2006"]
[Site "?"]
[Date "2006.??.??"]
[Round "?"]
[White "Kosar, Mikulas"]
[Black "Hrusovsky, Jan"]
[Result "0-1"]
[WhiteElo "2010"]
[BlackElo "1730"]
[Annotator " 49.6"]
[PlyCount "58"]
[EventDate "2005.??.??"]

1. e4 e5 2. Nf3 Nc6 3. Bc4 Nf6 4. d3 d6 5. Bg5 Be7 6. h3 O-O 7. Nbd2 h6 8. Be3
d5 9. exd5 Nxd5 10. Qe2 Nf4 11. Bxf4 exf4 12. O-O Bf6 13. Rab1 Re8 14. Qd1 Ne5
15. Nxe5 Rxe5 16. Ne4 Bf5 17. Nxf6+ Qxf6 18. Qf3 c6 19. c3 Rae8 20. Rbc1 Be6
21. d4 Bxc4 22. dxe5 Rxe5 23. Rfe1 Bd5 24. Qd3 Qg5 25. g3 fxg3 26. Qxg3 Rxe1+
27. Rxe1 Qd2 28. Re8+ Kh7 29. Rd8 Qe1+ 0-1

[Event "SR 3. liga A2 2005/2006"]
[Site "?"]
[Date "2006.??.??"]
[Round "?"]
[White "Cvicela, Anton"]
[Black "Ress, Tamas"]
[Result "1-0"]
[WhiteElo "2175"]
[BlackElo "2120"]
[Annotator " 50.1"]
[PlyCount "51"]
[EventDate "2005.??.??"]

1. e4 c5 2. Nf3 a6 3. d4 cxd4 4. Nxd4 Nf6 5. Nc3 e5 6. Nb3 Bb4 7. Qd3 d5 8.
exd5 Nxd5 9. Bd2 Bxc3 10. Bxc3 Nxc3 11. Qxc3 Nc6 12. Bd3 O-O 13. O-O-O Qg5+ 14.
Kb1 Bf5 15. h4 Qf6 16. g4 Bxd3 17. Rxd3 Rac8 18. f4 Qxf4 19. Rf3 Qxg4 20. Rg3
Qf5 21. Rhg1 Nd4 22. Nxd4 exd4 23. Rxg7+ Kh8 24. Qd2 Qe4 25. Qh6 f6 26. Rg8+
1-0

[Event "SR 3. liga A2 2005/2006"]
[Site "?"]
[Date "2006.??.??"]
[Round "?"]
[White "Ivan, Imrich ml"]
[Black "Lahucky, Pavol"]
[Result "1/2-1/2"]
[WhiteElo "2010"]
[BlackElo "2105"]
[Annotator " 50.2"]
[PlyCount "49"]
[EventDate "2005.??.??"]

1. c4 e5 2. Nc3 Nf6 3. g3 Bb4 4. Bg2 O-O 5. e3 Bxc3 6. bxc3 d6 7. Ne2 c6 8. O-O
Bf5 9. d4 Qc7 10. Ba3 Rd8 11. f4 exf4 12. Nxf4 Nbd7 13. Rc1 Re8 14. Qf3 Be4 15.
Qe2 Bxg2 16. Nxg2 Re4 17. Qd3 Rae8 18. Rf5 c5 19. Rb1 Qa5 20. Bc1 b6 21. Rb2
Qa6 22. Qf1 Qa5 23. Qd3 Qa6 24. Qf1 Qa5 25. Qd3 1/2-1/2

[Event "SR 3. liga A2 2005/2006"]
[Site "?"]
[Date "2006.??.??"]
[Round "?"]
[White "Gajarsky, Roman"]
[Black "Csefalvay, Stefan"]
[Result "1-0"]
[WhiteElo "2050"]
[BlackElo "1925"]
[Annotator " 50.3"]
[PlyCount "102"]
[EventDate "2005.??.??"]

1. e4 c5 2. b3 Nc6 3. Bb2 d6 4. Nc3 Nf6 5. f3 e6 6. Nge2 d5 7. d4 cxd4 8. Nxd4
Bc5 9. Bb5 Bxd4 10. Qxd4 O-O 11. Bxc6 bxc6 12. h4 Qc7 13. e5 Nd7 14. f4 c5 15.
Qd2 a6 16. O-O-O Bb7 17. h5 Nb6 18. Rh2 d4 19. Ne2 Nd5 20. g4 Ne3 21. Ng3 Bf3
22. Rg1 Bxg4 23. h6 g6 24. Nf1 Nxf1 25. Rxf1 Bf5 26. Qf2 Rac8 27. Rd1 $11 Qe7
28. Ba3 Qc7 29. Bb2 a5 30. Qh4 Qd8 31. Qg3 Qc7 32. Qh4 Qd8 33. Qg3 Qe7 34. Rhd2
f6 35. Ba3 fxe5 36. fxe5 Qb7 37. c3 d3 38. Qe3 Qc6 39. Rxd3 Bxd3 40. Rxd3 Rf1+
41. Kc2 c4 42. Rd6 Qg2+ 43. Rd2 cxb3+ 44. axb3 Qg1 45. Qd3 Qg5 46. Qxf1 Qxe5
47. Qd3 g5 48. Qf3 Qf5+ 49. Qxf5 exf5 50. Rd7 Rc6 51. Rg7+ Kh8 1-0

[Event "SR 3. liga A2 2005/2006"]
[Site "?"]
[Date "2006.??.??"]
[Round "?"]
[White "Vizvari, Ludovit"]
[Black "Peska, Juraj"]
[Result "1-0"]
[WhiteElo "1840"]
[BlackElo "2020"]
[Annotator " 50.4"]
[PlyCount "55"]
[EventDate "2005.??.??"]

1. d4 Nf6 2. c4 e6 3. Nc3 d5 4. Nf3 Be7 5. Bf4 a6 6. e3 c5 7. dxc5 Bxc5 8. Qc2
Nc6 9. Rd1 Qe7 10. cxd5 Nb4 11. Qa4+ Bd7 12. Bb5 exd5 13. Bxd7+ Nxd7 14. a3 b5
15. Qb3 Nc6 16. Nxd5 Qd8 17. Nc7+ Ke7 18. Nxa8 Qxa8 19. Rxd7+ Kxd7 20. Qd5+ Ke8
21. Ne5 Be7 22. Qxf7+ Kd8 23. Qd5+ Ke8 24. Qd7+ Kf8 25. Nxc6 Bc5 26. Bd6+ Bxd6
27. Qxd6+ Kf7 28. Ne5+ 1-0

[Event "SR 3. liga A2 2005/2006"]
[Site "?"]
[Date "2006.??.??"]
[Round "?"]
[White "Hertel, Ondrej"]
[Black "Ivan, Imrich"]
[Result "1/2-1/2"]
[WhiteElo "1960"]
[BlackElo "1800"]
[Annotator " 50.5"]
[PlyCount "67"]
[EventDate "2005.??.??"]

1. d4 e6 2. c4 Nf6 3. Nc3 Bb4 4. Qc2 d5 5. Bg5 c5 6. Nf3 cxd4 7. Nxd4 Nc6 8.
O-O-O Qa5 9. Bxf6 gxf6 10. Nb3 Qb6 11. cxd5 Ne5 12. e4 Bd7 $11 13. h3 Ng6 14.
Bd3 Ke7 15. Rhf1 Nf4 16. g3 Nxd3+ 17. Rxd3 Rac8 18. Re1 a5 19. f4 a4 20. Nd4
Rc4 21. Nf3 Rhc8 22. a3 Ba5 23. e5 f5 24. d6+ Kf8 25. Nd2 Rd4 26. Ndb1 Bc6 27.
Rxd4 Qxd4 28. Qd2 Qc4 29. Qe2 Qb3 30. Nd2 Qb6 31. Qh5 Kg8 32. Qg5+ Kh8 33. Qf6+
Kg8 34. Qg5+ 1/2-1/2

[Event "SR 3. liga A2 2005/2006"]
[Site "?"]
[Date "2006.??.??"]
[Round "?"]
[White "Vegh, Vince"]
[Black "Kollarik, Gorazd"]
[Result "1/2-1/2"]
[WhiteElo "1710"]
[BlackElo "1980"]
[Annotator " 50.6"]
[PlyCount "108"]
[EventDate "2005.??.??"]

1. e4 d5 2. exd5 Qxd5 3. Nc3 Qa5 4. d4 Bf5 5. Nf3 c6 6. g3 Nf6 7. Bg2 e6 8. O-O
Bd6 9. Bd2 Qc7 10. Bg5 Nbd7 11. h3 h6 12. Be3 Ne4 13. Ne2 O-O 14. c4 c5 15. d5
Rfe8 16. Nd2 Ndf6 17. Nf4 exd5 18. Nxd5 Nxd5 19. cxd5 Nxd2 20. Qxd2 Qd7 21. h4
Be4 22. f3 Bf5 23. g4 Bh7 24. Rac1 b6 25. Bh3 Qe7 26. Bf2 Qe5 27. Be1 Qe3+ 28.
Qxe3 Rxe3 29. Bc3 Rae8 30. Kg2 Rd3 31. Rcd1 Re2+ 32. Kg1 Bh2+ 33. Kh1 Bd6 34.
Bg2 c4 35. a4 Kf8 36. Rde1 Rxe1 37. Rxe1 Rxd5 38. f4 Rd3 39. f5 f6 40. Bc6 Be7
41. a5 Bg8 42. a6 Bd5+ 43. Bxd5 Rxd5 44. Re6 Rd6 45. Re1 b5 46. Bb4 Rd7 47.
Bxe7+ Rxe7 48. Rd1 Rc7 49. Rd8+ Ke7 50. Rb8 Kd6 51. Rxb5 Kc6 52. Rb4 Kc5 53.
Rb7 Kc6 54. Rb4 Kc5 1/2-1/2

[Event "SR 3. liga A2 2005/2006"]
[Site "?"]
[Date "2006.??.??"]
[Round "?"]
[White "Kubis, Ivan"]
[Black "Manak, Jozef"]
[Result "1-0"]
[WhiteElo "2065"]
[BlackElo "2090"]
[Annotator " 51.1"]
[PlyCount "73"]
[EventDate "2005.??.??"]

1. e4 c5 2. Nf3 Nc6 3. d4 cxd4 4. Nxd4 Nf6 5. Nc3 g6 6. Nxc6 bxc6 7. e5 Nh5 8.
Be2 Ng7 9. Bh6 Ne6 10. Bxf8 Kxf8 11. Qd2 Kg7 12. O-O-O Qa5 13. f4 Rb8 14. Rhf1
Nc7 15. Bc4 Qb4 16. Bb3 f6 17. a3 Qc5 18. Ne4 Qb6 19. exf6+ exf6 20. Qc3 Rf8
21. Nd6 Nb5 22. Nxc8 Qc7 23. Qh3 d5 24. a4 Rfxc8 25. axb5 Rxb5 26. Rde1 Rcb8
27. Qe6 R8b7 28. f5 g5 29. h4 g4 30. Qe2 h5 31. Qe8 Qf7 32. Qxf7+ Kxf7 33. Re6
R5b6 34. Rfe1 Rc7 35. Rd6 Re7 36. Ree6 Rxe6 37. Rxe6 1-0

[Event "SR 3. liga A2 2005/2006"]
[Site "?"]
[Date "2006.??.??"]
[Round "?"]
[White "Mihalik, Anton"]
[Black "Hrubsa, Vladimir"]
[Result "0-1"]
[WhiteElo "2035"]
[BlackElo "2055"]
[Annotator " 51.2"]
[PlyCount "114"]
[EventDate "2005.??.??"]

1. c4 Nf6 2. Nc3 c5 3. Nf3 Nc6 4. g3 g6 5. Bg2 Bg7 6. O-O O-O 7. e3 d6 8. d4
Bg4 9. h3 Bd7 10. b3 Rb8 11. Bb2 a6 12. dxc5 dxc5 13. Qe2 Qa5 14. Rfd1 Rfd8 15.
Rd2 Be8 16. Rad1 Rxd2 17. Rxd2 b5 18. cxb5 axb5 19. a3 b4 20. axb4 Rxb4 21. Qd1
Qb6 22. Na4 Qa7 23. Ba3 Ne4 24. Bxb4 cxb4 25. Rc2 Nc3 26. Nxc3 bxc3 27. Nd4
Nxd4 28. exd4 Bxd4 29. Bd5 Qc5 30. Bc4 Bc6 31. Qg4 Kg7 32. Qf4 Be5 33. Qxf7+
Kh6 34. Qf8+ Bg7 35. Qf4+ g5 36. Qg4 Bf6 37. h4 Kg7 38. hxg5 Bxg5 39. Rxc3 Kh6
40. Qh3+ Kg7 41. Qe6 Bb7 42. Qf7+ Kh6 43. Qe6+ Bf6 44. Qh3+ Kg7 45. Rd3 Qa5 46.
Qg4+ Kh6 47. Qd1 Qf5 48. Rd8 Bf3 49. Be2 Bb7 50. Rg8 Bg5 51. Qd3 Be4 52. Qb5
Bd5 53. Rb8 Qb1+ 54. Bf1 Qe4 55. Rb6+ Kg7 56. f3 Qxf3 57. Qe2 Be3+ 0-1

[Event "SR 3. liga A2 2005/2006"]
[Site "?"]
[Date "2006.??.??"]
[Round "?"]
[White "Vepy, Ivan"]
[Black "Stepanovic, Branislav"]
[Result "0-1"]
[WhiteElo "1925"]
[BlackElo "2025"]
[Annotator " 51.3"]
[PlyCount "52"]
[EventDate "2005.??.??"]

1. e4 c5 2. Nf3 Nc6 3. d4 cxd4 4. Nxd4 Nf6 5. Nc3 e5 6. Nf3 Bb4 7. Bd3 d5 8.
exd5 Nxd5 9. O-O Nxc3 10. bxc3 Bxc3 11. Rb1 Qe7 12. Bg5 f6 13. Bd2 Bxd2 14.
Nxd2 O-O 15. f4 Be6 16. f5 Bxa2 17. Rb2 Bf7 18. Qg4 Rfd8 19. Rf3 Qc5+ 20. Kf1
Qd4 21. Ne4 Qxb2 22. Rg3 Qc1+ 23. Kf2 Qf4+ 24. Qxf4 exf4 25. Rg4 Ne5 26. Rxf4
Rxd3 0-1

[Event "SR 3. liga A2 2005/2006"]
[Site "?"]
[Date "2006.??.??"]
[Round "?"]
[White "Gono, Pavol"]
[Black "Londin, Martin"]
[Result "1/2-1/2"]
[WhiteElo "1995"]
[BlackElo "1915"]
[Annotator " 51.4"]
[PlyCount "116"]
[EventDate "2005.??.??"]

1. e4 e5 2. Nf3 Nc6 3. Bc4 Bc5 4. c3 Nf6 5. d4 exd4 6. cxd4 Bb4+ 7. Bd2 Bxd2+
8. Nbxd2 d6 9. O-O O-O 10. Re1 Bg4 11. h3 Bxf3 12. Nxf3 d5 13. exd5 Nxd5 14.
Ne5 Nxe5 15. dxe5 Nb6 16. Bb3 Qxd1 17. Rexd1 Rfd8 18. f4 Kf8 19. Kf2 Ke7 20. g4
Nd7 21. Rac1 Rac8 22. Ke3 c6 23. Rd2 Nf8 24. Rcd1 Rxd2 25. Rxd2 f6 26. exf6+
Kxf6 27. g5+ Ke7 28. f5 Rd8 29. f6+ gxf6 30. gxf6+ Ke8 31. Re2 Ng6 32. Ke4 Kd7
33. Kf5 Nh4+ 34. Kg4 Ng6 35. Bf7 Nh8 36. Re7+ Kd6 37. Rxb7 Rf8 38. Bh5 Rxf6 39.
Rxh7 Ng6 40. Rxa7 Ne5+ 41. Kg3 Rf1 42. b4 Rb1 43. a3 Rb3+ 44. Kh4 Nc4 45. Bf7
Rxa3 46. Rxa3 Nxa3 47. Bb3 Ke7 48. Kg5 Nb5 49. h4 Nd4 50. Bd1 Kf7 51. h5 c5 52.
bxc5 Ne6+ 53. Kh6 Nxc5 54. Kh7 Ne4 55. Bb3+ Kf6 56. Bc2 Kg5 57. h6 Nf6+ 58. Kg7
Ne8+ 1/2-1/2

[Event "SR 3. liga A2 2005/2006"]
[Site "?"]
[Date "2006.??.??"]
[Round "?"]
[White "Pagac, Robert"]
[Black "Curidlo, Jan"]
[Result "0-1"]
[WhiteElo "1805"]
[BlackElo "2070"]
[Annotator " 51.5"]
[PlyCount "96"]
[EventDate "2005.??.??"]

1. e4 c5 2. Nf3 d6 3. d4 cxd4 4. Nxd4 Nf6 5. Nc3 a6 6. Be2 e6 7. O-O Be7 8. Be3
O-O 9. Bd3 Nbd7 10. Nde2 b5 11. a3 Bb7 12. Ng3 Ne5 13. b3 Rc8 14. Nce2 Nfg4 15.
Qd2 Nxe3 16. Qxe3 g6 17. h3 Bf6 18. Rac1 Nxd3 19. cxd3 Rxc1 20. Rxc1 Bb2 21.
Rb1 Bxa3 22. b4 a5 23. Qa7 Qc7 24. Qxa5 Qxa5 25. bxa5 b4 26. Nd4 Ba6 27. Rb3
Rc8 28. Nge2 Rc5 29. Kf1 e5 30. Nf3 Rxa5 31. Ke1 Bc8 32. d4 Be6 33. d5 Bd7 34.
Nd2 Ba4 35. Rb1 Bc2 36. Ra1 b3 37. Nc3 Bb4 38. Rxa5 Bxa5 39. Na4 Bxe4 40. f3
Bxd5 41. Kd1 f5 42. Ke2 Kf7 43. Kd3 Ke6 44. Nb2 h5 45. Na4 Bxd2 46. Kxd2 Bc4
47. Ke1 h4 48. Nb2 Kd5 0-1

[Event "SR 3. liga A2 2005/2006"]
[Site "?"]
[Date "2006.??.??"]
[Round "?"]
[White "Slaby, Jozef"]
[Black "Hrubsa, Marian"]
[Result "0-1"]
[WhiteElo "1750"]
[BlackElo "1725"]
[Annotator " 51.6"]
[PlyCount "124"]
[EventDate "2005.??.??"]

1. d4 d5 2. c4 e6 3. Nc3 Nf6 4. Nf3 Nbd7 5. e3 c6 6. Be2 Be7 7. O-O Qc7 8. b3
O-O 9. Bb2 Ng4 10. h3 Nh6 11. e4 dxe4 12. Nxe4 f5 13. Ned2 Nf7 14. Re1 e5 15.
dxe5 Ndxe5 16. Qc2 Bf6 17. Rad1 Qa5 18. Nxe5 Nxe5 19. a3 Bd7 20. b4 Qc7 21. c5
Rad8 22. Bxe5 Bxe5 23. Nc4 Bf4 24. Bf3 Be8 25. Rxd8 Qxd8 26. Rd1 Qe7 27. Qe2
Qf6 28. Re1 Bf7 29. Na5 Rb8 30. Rd1 Be6 31. g3 Bc7 32. Nc4 Qh6 33. Bg2 Rf8 34.
Nd6 Rb8 35. Re1 Bxd6 36. cxd6 Re8 37. Qd3 Qf6 38. Bf1 Rd8 39. Rd1 Bd5 40. Qd4
Qxd4 41. Rxd4 Rxd6 42. f4 Kf7 43. Kf2 Kf6 44. Rd3 b6 45. Be2 Ke6 46. g4 Be4 47.
Rxd6+ Kxd6 48. Ke3 c5 49. g5 Kd5 50. Ba6 Kd6 51. Kd2 Kc6 52. Bc4 b5 53. Be2 c4
54. Kc3 Kd5 55. Bd1 Bg2 56. Bc2 Bxh3 57. Bb1 g6 58. Bc2 Bg2 59. a4 a6 60. axb5
axb5 61. Bb1 Be4 62. Ba2 Bd3 0-1

[Event "SR 3. liga A2 2005/2006"]
[Site "?"]
[Date "2006.??.??"]
[Round "?"]
[White "Salasek, Vadar"]
[Black "Bincik, Pavol"]
[Result "0-1"]
[WhiteElo "1710"]
[BlackElo "1805"]
[Annotator " 51.7"]
[PlyCount "90"]
[EventDate "2005.??.??"]

1. d4 d5 2. e3 Nf6 3. f4 Bf5 4. c3 e6 5. Bd3 Nbd7 6. Nf3 Bxd3 7. Qxd3 Ne4 8.
O-O f5 9. Nbd2 c6 10. Qe2 Ndf6 11. Ne5 g6 12. Ndf3 Bd6 13. Bd2 O-O 14. Be1 c5
15. Bh4 Qc8 16. Bxf6 Rxf6 17. Qb5 a6 18. Qd7 Qxd7 19. Nxd7 Rf7 20. Nde5 Rc7 21.
Rfd1 Bxe5 22. Nxe5 cxd4 23. exd4 b5 24. a3 a5 25. Nd3 Kf7 26. Nf2 Ke7 27. Nxe4
fxe4 28. Kf2 Rf8 29. Ke3 Kd6 30. Rf1 Rcf7 31. Rf2 g5 32. g3 gxf4+ 33. gxf4 Rg7
34. Re1 Rg4 35. Ree2 Ke7 36. Rc2 a4 37. Rce2 Kf6 38. Rg2 Rfg8 39. Rgf2 Kf5 40.
Re1 h5 41. Ref1 h4 42. b4 h3 43. Ke2 Rg1 44. Ke3 Rxf1 45. Rxf1 Rg2 0-1

[Event "SR 3. liga A2 2005/2006"]
[Site "?"]
[Date "2006.??.??"]
[Round "?"]
[White "Orvisky, Vladimir"]
[Black "Leska, Marian"]
[Result "1-0"]
[WhiteElo "1875"]
[BlackElo "1640"]
[Annotator " 51.8"]
[PlyCount "97"]
[EventDate "2005.??.??"]

1. c4 c5 2. Nf3 Nc6 3. Nc3 g6 4. g3 Bg7 5. Bg2 Nf6 6. O-O O-O 7. d4 cxd4 8.
Nxd4 Nxd4 9. Qxd4 d6 10. Qd1 Rb8 11. Bd2 Bd7 12. Qc1 Qc7 13. b3 Bc6 14. Nd5
Bxd5 15. cxd5 Qb6 16. Be3 Qa5 17. Qd2 Qxd2 18. Bxd2 Nxd5 19. Bxd5 Bxa1 20. Rxa1
e6 21. Bf3 d5 22. e4 dxe4 23. Bxe4 b6 24. Bh6 Rfd8 25. Bf4 Rbc8 26. Kf1 Rd4 27.
Re1 Rd7 28. h4 Rc5 29. Kg2 f6 30. Be3 Rc8 31. g4 f5 32. gxf5 exf5 33. Bb1 Kf7
34. h5 Kf6 35. hxg6 hxg6 36. Bc1 Rd5 37. Bb2+ Kf7 38. Rh1 a6 39. Rh7+ Ke6 40.
Rg7 Rb5 41. Rxg6+ Ke7 42. Bd3 Rd5 43. Bxa6 Rc2 44. Ba3+ Kd7 45. Rg7+ Ke8 46.
Bb4 Rxa2 47. Bc4 Re5 48. Bd6 Re4 49. Bb5+ 1-0

[Event "SR 3. liga A2 2005/2006"]
[Site "?"]
[Date "2006.??.??"]
[Round "?"]
[White "Horak, Ivan"]
[Black "Blatnicky, Miroslav"]
[Result "1-0"]
[WhiteElo "2140"]
[BlackElo "2110"]
[Annotator " 52.1"]
[PlyCount "47"]
[EventDate "2005.??.??"]

1. e4 e6 2. d4 d5 3. Nd2 Nf6 4. e5 Nfd7 5. Bd3 c5 6. c3 Nc6 7. Ne2 f6 8. Nf4
cxd4 9. Qh5+ Ke7 10. Ng6+ hxg6 11. exf6+ Nxf6 12. Qxh8 Ne5 13. Qh3 dxc3 14.
bxc3 Bd7 15. O-O Qa5 16. Nb3 Qxc3 17. Ba3+ Kd8 18. Qh8 Nxd3 19. Qxf8+ Kc7 20.
Qxa8 Bc6 21. Qxa7 Qe5 22. Qe3 Qf5 23. Nd4 Qg4 24. Qxd3 1-0

[Event "SR 3. liga A2 2005/2006"]
[Site "?"]
[Date "2006.??.??"]
[Round "?"]
[White "Smrek, Peter"]
[Black "Pribila, Michal"]
[Result "0-1"]
[WhiteElo "1965"]
[BlackElo "2010"]
[Annotator " 52.2"]
[PlyCount "58"]
[EventDate "2005.??.??"]

1. e4 c5 2. Nf3 Nc6 3. d4 cxd4 4. Nxd4 Nf6 5. Nc3 e5 6. Nf3 Bb4 7. Bg5 Qa5 8.
Bxf6 Bxc3+ 9. bxc3 Qxc3+ 10. Nd2 gxf6 11. Rb1 Nb4 12. Bc4 Nxc2+ 13. Kf1 Nd4 14.
Rc1 Qb4 15. Nb3 Ne6 16. Qf3 Qe7 17. Ke2 Nf4+ 18. Ke3 O-O 19. g3 Ne6 20. h4 d6
21. g4 Nf4 22. Rcg1 Bd7 23. g5 f5 24. g6 hxg6 25. Rxg6+ Nxg6 26. Rg1 f4+ 27.
Ke2 Be6 28. Bxe6 Qxe6 29. h5 Kg7 0-1